00346nam a2200121Ia 4500008004100000100001800041245004800059260004300107300000900150650004300159942000700202999001500209190216s9999||||xx |||||||||||||| ||und|| aSanjay K Bose 0aDigital System From Gate To Microprocessors bNew Age International Publishersc1996 a432p a"Computer Programming. Programs, Data" cBK c8734d8734